02095nam a22002057a 4500003000500000005001700005008004100022041001200063082002100075100002700096245006500123260006500188300003700253520142000290650001901710690001001729942001501739999001701754952011801771CUTN20251022151906.0251022b |||||||| |||| 00| 0 eng d aEnglish 223a781.629bSUR a Suresh, Vidya Bhavani a50 Evergreen Ragas of Carnatic Music /cVidya Bhavani Suresh aChennai:bSkanda Publications & Vidya Bhavani Suresh,c2014. a263 p. ; pbk.bcol.ill.:c22 cm. aBharatanatyam Exponent, musicologist, researcher, choreographer, orator, author- these are but a few attributes of the multi-faceted personality Vidya Bhavani Suresh. Vidya began her formal training in Bharatanatyam under the eminent guru, V.P. Dhananjayan. She continued and completed her tutelage under the renowned guru K.J. Sarasa. After a continuous and strenuous learning experience of 12 years, Vidya had her Arangetram (first formal performance), at the age of 16 years. From then on, Vidya has been an active and innovative performer and researcher. Her performances have always stood apart for their profound research-based content and uniqueness. It has always been Vidya's attempt to take Bharatanatyam very close to the common viewer. Being equally alert to social problems, Vidya has also presented full-length thought-provoking programmes highlighting child labour, unemployment. women's problems, etc. Vidya is also an accomplished Carnatic music singer, having undergone systematic training in the form. She continues to enrich her repertoire by continuing her association and training with her guru, the reputed Vidushi, A.P. Komala. Vidya's deep knowledge of Carnatic music has enabled her to specialise as a musicologist. Vidya has written more than 14 small books and 3 large and detailed tomes on Carnatic music, which are widely respected as authentic and authoritative books on the subject. aCarnatic Music aMusic 2ddccBOOKS c46002d46002 00102ddc40708NFICaCUTNbCUTNc700d2025-10-22l0o781.629 SURp48929r2025-10-22 15:19:27w2025-10-22yBOOKS